000 01140nam a22002177a 4500
999 _c22217
_d22217
003 AR-CdUCM
008 190425b ||||| |||| 00| 0 spa d
040 _aMUNICIPALIDAD PROVINCIAL DEL CUSCO
_cBIBLIOTECA MUNICIPAL DEL CUSCO
082 _aQollana/N°7/1998
245 _aQollana :
_brevista de Antropología /
_cRosa Muñiz Yábar, Directora
260 _aCusco.
_bQollana,
_c1998.
300 _a22 páginas. :
_bilustraciones ;
_c30 cm.
440 _aQollana.
_nInforme especial de Qollana, 1998.
_947665
505 _aContenido: Eco turismo en el nuevo milenio. -- La metáfora de la montaña. -- Informe del primer congreso extraordinario de Defensa del Patrimonio Cultural y Monumental del Perú conservemos Machupicchu. -- Herpéfauna preliminar del Santuario Histórico de Machupicchu. -- Política turística y tendencias del mercado para el próximo milenio. -- Positiva labor del INC Cusco. -- El patrimonio natural en el Perú. -- Juchuy Qosqo.
650 _aTurismo cusqueño
_945817
650 _aMachupicchu
_91751
650 _aSiglo XX
_947561
700 _aJulien, Catherine J
_947666
942 _2ddc
_cPP
945 _arac